[Event "Stay Safe Play From Home 302"]
[Site "Emanuel Lasker Arena"]
[Date "2020.07.14"]
[Round "9"]
[White "NeatFox"]
[Black "TheCHESSHOUSE"]
[Result "1-0"]
[WhiteElo "1813"]
[BlackElo "2095"]
[Annotator "TA"]
[PlyCount "115"]
[EventDate "2020.07.14"]
[EventType "swiss (blitz)"]

{[%evp 9,115,-112,22,28,36,31,16,19,24,14,32,-50,0,-214,324,330,617,327,340,329,327,267,311,199,318,293,415,384,430,390,422,425,414,387,439,158,155,147,147,154,152,145,139,107,108,79,112,83,93,76,50,57,64,26,62,-122,-107,-89,50,49,126,115,113,108,232,172,419,71,232,8,385,367,485,471,564,536,630,-9,612,509,29984,1234,950,866,773,785,653,504,1163,981,1072,664,1368,-8,1302,1340,1360,409,816,700,1112,422,1081,594,530,0,8,8]} 1. g4 d5 2. Bg2 Bxg4 3. c4 c6 4. cxd5 cxd5 5. Qb3 Bc8 (5... Nf6 $1 $17 6. Nc3 e6) 6. Bxd5 $11 {A00: Irregular Openings.} e6 7. Bxb7 Bxb7 8. Qxb7 Nd7 9. Nc3 Ngf6 (9... Rb8 $5 {[%cal Rb8b7]} 10. Qg2 (10. Qxa7 $2 Nc5 $19) 10... Ngf6 $14) 10. Nb5 ({Better is} 10. d4 $14) 10... Nd5 (10... Rb8 $5 {[%cal Rb8b7]} 11. Qa6 Rb6 $15) 11. e4 $2 {[#]} (11. Nc3 $11) 11... Nc5 $146 {[%mdl 8192]} (11... Rb8 $19 12. Qc6 Rb6) ({Predecessor:} 11... Rb8 12. Qa6 Nb4 13. Qa4 Rxb5 14. Qxb5 Nc2+ 15. Kd1 Nxa1 16. Ne2 Qc7 17. Nc3 Bc5 {1-0 (39) Sloan,S-Bogos,B Parsippany 2001}) 12. Qc6+ $18 Qd7 $2 (12... Nd7 13. exd5 Rc8) 13. Qxd7+ Kxd7 14. exd5 exd5 15. Nc3 d4 16. Nb5 a6 (16... Re8+ $142 17. Kf1 Nd3) 17. Nxd4 f6 (17... Re8+ {might work better.} 18. Kd1 Nd3) 18. Ngf3 Bd6 19. b3 Nd3+ 20. Ke2 Nf4+ 21. Kd1 Rac8 22. Bb2 $2 (22. Nf5 $18 {has better winning chances.}) 22... Nd3 $16 23. Bc3 {aiming for Ke2.} Nxf2+ 24. Ke2 Nxh1 25. Rxh1 Rhe8+ 26. Kf2 Bc5 27. Re1 Kd6 28. Rxe8 Rxe8 29. Kg3 Kd5 30. Nf5 g6 31. N5h4 f5 32. Kf4 $2 (32. Ng2 $14 {keeps the upper hand.}) 32... Bd6+ $17 {[%mdl 1024] Black has strong compensation.} 33. Kg5 Re4 (33... Ke4 $17) 34. Kh6 $1 $14 {[%cal Rh6h7]} Re7 {[#]} (34... Rg4 $14) 35. Ng5 $1 $16 {[%cal Rg5h7]} Bf4 {[#]} 36. Nhf3 $1 Kc6 (36... Rc7 $16 37. h4 Bxg5+ 38. Nxg5 f4) 37. h4 Rd7 $2 (37... Bxg5+ {keeps fighting.} 38. Nxg5 f4) 38. h5 $2 (38. Be5 $18 Bxg5+ 39. Nxg5) 38... Rd3 $2 (38... gxh5 $16 39. Kxh5 Kd5) 39. hxg6 $2 (39. Kxh7 $18 gxh5 40. Kg6 {[%mdl 64] Double Attack}) 39... hxg6 $2 {[%mdl 8192]} (39... Rxf3 $1 $11 {and Black has nothing to worry.} 40. gxh7 Rh3+ 41. Kg6 Bxg5) 40. Kxg6 $18 Kd5 {Now ...Bxg5 and Black clings on.} 41. Kxf5 Bxg5 42. Nxg5 a5 43. Nf3 $2 ({White should play} 43. Ne6 $18 {Intending Nf4+ and mate.} Kc6 44. Nf4) 43... a4 $2 {[%mdl 8192]} (43... Rxf3+ $11 44. Kg4 Rf7) 44. Ne5 axb3 (44... Rh3 $18 45. bxa4 Rh5+ 46. Kf4 Rh8) 45. axb3 (45. Nxd3 $142 bxa2 46. Nb4+ Kc4 47. Nxa2 Kd5 48. Be5 Kc4 49. d4 Kb3 50. d5) 45... Rh3 46. Ng6 {White wants to mate with Nf4+.} Rh5+ 47. Kf4 Rh1 48. Ne7+ Kc5 (48... Ke6 $142 49. Ng8 Rh4+ 50. Ke3 Kd7 51. Nf6+ Kc6) 49. Nf5 Kb5 50. Bd4 Rf1+ 51. Ke3 $2 (51. Ke5 $18 Kb4 52. Ke6) 51... Kb4 $2 {[%mdl 8192]} (51... Rxf5 $11 52. Ke4 Rf1) 52. Ke4 Kxb3 53. Bc3 (53. Be3 $142 Kb4 54. d4) 53... Re1+ (53... Rf2 $142 54. Nd4+ Kc4) 54. Kd5 Rd1 55. Nd4+ (55. Ke6 $142 Rc1 56. Bg7) 55... Ka2 (55... Ka4 $142 56. Kc4 Rb1) 56. Bb4 Kb1 57. Nc2 $2 (57. Kc4 $18) 57... Rxd2+ 58. Nd4 $1 {[%mdl 32768] Accuracy: White = 34%, Black = 21%. . Loss on time!?} 1-0